Macroeconomía Versión para Latinoamérica / (Registro nro. 13)

000 -CABECERA
Longitud fija campo de control 00557nam a22001937a 4500
003 - IDENTIFICADOR DELl NÚMERO DE CONTROL
Identificador del número de control OSt
005 - FECHA Y HORA DE LA ÚLTIMA TRANSACCIÓN
Fecha y hora de la última transacción 20220524082340.0
008 - CÓDIGOS DE INFORMACIÓN DE LONGITUD FIJA
Códigos de información de longitud fija 030206s2002 ck 000 0 spa d
020 ## - NÚMERO INTERNACIONAL NORMALIZADO PARA LIBROS
Número Internacional Normalizado para Libros (ISBN) 9789702607175
040 ## - FUENTE DE LA CATALOGACIÓN
Centro transcriptor OSt
082 04 - NÚMERO DE LA CLASIFICACIÓN DECIMAL DEWEY
Número de clasificación Decimal 339
Número de documento (Cutter) P375
Número de edición DEWEY 21
100 1# - PUNTO DE ACCESO PRINCIPAL-NOMBRE DE PERSONA
Nombre de persona Parkin, Michael
9 (RLIN) 919
245 00 - TÍTULO PROPIAMENTE DICHO
Título Macroeconomía Versión para Latinoamérica /
Mención de responsabilidad, etc. Michael Parkin; Gerardo Esquivel; Mercedes Muñoz.
250 ## - MENCIÓN DE EDICIÓN
Mención de edición 7 ed.
260 ## - PUBLICACIÓN, DISTRIBUCIÓN, ETC. (PIE DE IMPRENTA)
Lugar de publicación, distribución, etc. México :
Nombre del editor, distribuidor, etc. Pearson,
Fecha de publicación, distribución, etc. 2007.
300 ## - DESCRIPCIÓN FÍSICA
Extensión 502 p.
650 04 - PUNTO DE ACCESO ADICIONAL DE MATERIA - TÉRMINO DE MATERIA
Fuente del encabezamiento o término LEMB
Subdivisión de materia general ADMINISTRACIÓN Y ECONOMÍA
9 (RLIN) 1580
942 ## - ENTRADA DE ELEMENTOS AGREGADOS (KOHA)
Fuente de clasificaión o esquema
Koha [por defecto] tipo de item Libro
Existencias
Fecha de Descarte Forma de Material Préstamos totales Localización permanente Asignatura Código de barras Fecha último préstamo Número de copia Renovaciones totales Fuente de clasificación o esquema No para préstamo Signatura completa Fecha adquisición Localización actual Mostrar en OPAC Restricciones de uso Tipo de Descarte Fecha última consulta Localización en estanterías Disponibilidad
2013-04-12Colección General Biblioteca Central USAP01974 Ej. 1  NULL339 P375 7ed2013-04-12Biblioteca Central NULLNULLNULL2013-04-12Fondo GeneralNULL
2013-04-12Colección General3Biblioteca Central USAP019752018-11-27Ej. 21 NULL339 P375 7ed2013-04-12Biblioteca Central NULLNULLNULL2018-11-30Fondo GeneralNULL
2013-04-12Colección General2Biblioteca Central USAP019762018-11-22Ej. 33 NULL339 P375 7ed2013-04-12Biblioteca Central NULLNULLNULL2018-11-29Fondo GeneralNULL
2013-04-12Colección General3Biblioteca Central USAP019772018-11-20Ej. 43 NULL339 P375 7ed2013-04-12Biblioteca Central NULLNULLNULL2018-11-26Fondo GeneralNULL

Campus Universitario - Ave. Circunvalación - San Pedro Sula, Honduras, C.A. / Tel: +504 2561.8777 / Fax: +504 2561.8787 / Email: info@usap.edu
Todos los Derechos Reservados. © MMXIII Universidad de San Pedro Sula